| 000 | 00978cad a22002295a 4500 | ||
|---|---|---|---|
| 001 | E145063 | ||
| 008 | 080904s2008 xxk f s000 0 eng d | ||
| 035 | _a(Sirsi) u145063 | ||
| 041 | 0 | _aeng | |
| 050 | 0 | 4 | _a333.332 $2 18 |
| 110 | 2 |
_aScotland _bScottish Government _95344 |
|
| 245 | 0 | 0 |
_aHome report _bsingle survey sample _h[electronic resource] |
| 260 |
_aEdinburgh _bScottish Government _c2008 |
||
| 520 | _aA sample copy of the single survey, which will form part of the 'Home Report', which comes into force on 1 December 2008. | ||
| 521 | _aAdvanced | ||
| 650 | 2 | 4 | _aSCOTTISH SINGLE SURVEY SCHEME |
| 650 | 2 | 4 | _aHOME REPORT |
| 651 | 4 |
_aScotland _y1999- |
|
| 690 | _aPROPERTY-RESIDENTIAL PROPERTY-ACQUISITION AND DISPOSAL OF RESIDENTIAL PROPERTY | ||
| 856 | 4 | 0 |
_uhttps://www.scotland.gov.uk/Topics/Built-Environment/Housing/BuyingSelling/Home-Report/about/contents/single-survey/Single-Survey-sample/ _zView the sample document at www.scotland.gov.uk... |
| 942 | _n0 | ||
| 999 |
_c108682 _d108682 |
||